000 00551nam a2200193Ia 4500
005 20250326143757.0
008 250326s9999 xx 000 0 und d
020 _a0-324-20352-7
037 _aTextbook
040 _aFMSL
_beng
_cFMSL
041 _aeng
_2eng
084 _aKX:7241 P6
_qFMSL
100 _aMartz Catharyn
_9748520
245 0 _aDictionary of investment terms
_cMartz Catharyn
260 _aUnited Kingdom
_bUnited Kingdom, Thomson
_c2006
300 _aiv,187
942 _cTB
_hKX:7241 P6
999 _c1300993
_d1300993